000 00448nam a2200157Ia 4500
008 230312s9999||||xx |||||||||||||| ||und||
020 _a007-127422-7
082 _a658.1511
_bGAR-M
100 _aGarrison Ray H.
245 0 _aManagerial Accounting
260 _bMcGraw Hill
_aNew York
_c2008
300 _a792
546 _aEng.
650 _aAccounting
_vManagerial Accounting and the Business Environment , Cost Terms , Concepts and C
942 _cBK
999 _c863
_d863